Geographie nach Buchstabe - C - Statistiken

Allgemein
  • Dieses Quiz wurde 16.353 mal gespielt
    16.350 seit der letzten Aktualisierung
  • Das Durchschnittsergebnis liegt bei 12 aus 24
Antwortstatistiken
Hinweis Antwort % Korrekt
Bevölkerungsreichstes Land China
99%
Australiens Hauptstadt Canberra
91%
Land, das 4'300 km lang, aber nur 350 km breit ist Chile
90%
Beliebtester Sport Indiens Cricket
80%
Stadt an der Côte d'Azur, bekannt für ihr Filmfestival Cannes
75%
Land in Zentralamerika Costa Rica
72%
Stadt, die früher Karl-Marx-Stadt hiess Chemnitz
67%
Hauptstadt Venezuelas Caracas
66%
Hauptstadt von Wales Cardiff
65%
Obamas Heimatstadt Chicago
64%
Fluss, welcher durch den Grand Canyon fließt Colorado
57%
US-Staat, der an New York grenzt Connecticut
55%
Größter Flughafen von Paris Charles-de-Gaulle
54%
Amtlicher Name der Elfenbeinküste Côte d'Ivoire
53%
Französische Stadt, welche Großbritannien am nächsten liegt Calais
49%
Zweitgrößte Stadt Irlands Cork
30%
Größter Indianerstamm Cherokee
28%
Großstadt in Alberta Calgary
27%
Erholungsort auf der Halbinsel Yucatan Cancún
26%
Hauptstadt des US-Staates Ohio Columbus
23%
Größte Gemeinde in Wallonien Charleroi
10%
Zweitgrößte Stadt Bangladeschs Chittagong
10%
Bevölkerungsgruppe in Louisiana, die aus akadischen Franzosen besteht Cajuns
8%
Südlichster Punkt Niederkaliforniens Cabo San Lucas
7%
Keine übereinstimmenden Quizze gefunden
Verteilung der Resultate
Anzahl Personen mit jedem Resultat
Perzentil nach korrekt beantworteten Fragen
Ihre Resultats-Entwicklung
Sie haben dieses Quiz seit der letzten Aktualisierung nicht gespielt